Study on planting method and water produtivities for efficincy to grow maize in upper and souround rainfed lowland, (សិក្សាពីវិធីសាស្រ្តដំាដុះ និងប្រសិទ្ធភាពនៃការប្រើប្រាស់ទឹកសម្រាប់ការដំាដុះពោតនៅទីទួលទំនាបអាស្រ័យទឹកភ្លៀង) (Record no. 1401)
[ view plain ]
| 000 -LEADER | |
|---|---|
| fixed length control field | 00792nam a22001577a 4500 |
| 003 - CONTROL NUMBER IDENTIFIER | |
| control field | OSt |
| 005 - DATE AND TIME OF LATEST TRANSACTION | |
| control field | 20150928150012.0 |
| 008 - FIXED-LENGTH DATA ELEMENTS--GENERAL INFORMATION | |
| fixed length control field | 150928b xxu||||| |||| 00| 0 eng d |
| 040 ## - CATALOGING SOURCE | |
| Transcribing agency | RUA |
| 082 ## - DEWEY DECIMAL CLASSIFICATION NUMBER | |
| Classification number | AGR SEM 2013 B056 Or.1 |
| 100 ## - MAIN ENTRY--PERSONAL NAME | |
| 9 (RLIN) | 1489 |
| Personal name | SEM VY |
| 245 ## - TITLE STATEMENT | |
| Title | Study on planting method and water produtivities for efficincy to grow maize in upper and souround rainfed lowland, (សិក្សាពីវិធីសាស្រ្តដំាដុះ និងប្រសិទ្ធភាពនៃការប្រើប្រាស់ទឹកសម្រាប់ការដំាដុះពោតនៅទីទួលទំនាបអាស្រ័យទឹកភ្លៀង) |
| 260 ## - PUBLICATION, DISTRIBUTION, ETC. (IMPRINT) | |
| Place of publication, distribution, etc. | phnom penh |
| Name of publisher, distributor, etc. | RUA |
| Date of publication, distribution, etc. | 2013 |
| 300 ## - PHYSICAL DESCRIPTION | |
| Extent | xii, 50p. |
| Other physical details | ill. |
| Dimensions | 29cm. |
| 942 ## - ADDED ENTRY ELEMENTS (KOHA) | |
| Source of classification or shelving scheme | |
| Koha item type | AGR |
| Price effective from | Date last seen | Permanent Location | Not for loan | Date acquired | Source of classification or shelving scheme | Koha item type | Lost status | Withdrawn status | Date last checked out | Total Checkouts | Shelving location | Damaged status | Barcode | Current Location | Full call number |
|---|---|---|---|---|---|---|---|---|---|---|---|---|---|---|---|
| 2015-09-28 | 2015-09-28 | Library Block B | 2015-09-28 | AGR | B056 | RUA005845 | Library Block B | AGR SEM 2013 B056 Or.1 | |||||||
| 2015-09-28 | 2015-09-28 | Library Block B | 2015-09-28 | AGR | B056 | RUA005520 | Library Block B | AGR SEM 2013 B056 Or.2 | |||||||
| 2015-09-28 | 2015-09-28 | Library Block B | 2015-09-28 | AGR | B056 | RUA006501 | Library Block B | AGR SEM 2013 B056 Or.3 | |||||||
| 2015-09-28 | 2015-09-28 | Library Block B | 2015-09-28 | AGR | B056 | RUA006427 | Library Block B | AGR SEM 2013 B056 Or.4 | |||||||
| 2015-09-28 | 2015-09-28 | Library Block B | 2015-09-28 | AGR | B056 | RUA006512 | Library Block B | AGR SEM 2013 B056 Or.5 | |||||||
| 2015-09-28 | 2015-09-28 | Library Block B | 2015-09-28 | AGR | B056 | RUA006729 | Library Block B | AGR SEM 2013 B056 Or.6 | |||||||
| 2015-09-28 | 2015-09-28 | Library Block B | 2015-09-28 | AGR | B056 | RUA006516 | Library Block B | AGR SEM 2013 B056 Or.8 | |||||||
| 2015-09-28 | 2018-09-10 | Library Block B | 2015-09-28 | AGR | 2018-08-28 | 6 | B056 | RUA006727 | Library Block B | AGR SEM 2013 B056 Or.7 | |||||
| 2022-10-24 | 2022-10-24 | Library Block B | 2022-10-24 | AGR | B056 | a41275 | Library Block B | AGR SEM 2013 B056 Or.9 | |||||||
| 2022-10-24 | 2022-10-24 | Library Block B | 2022-10-24 | AGR | B056 | a41350 | Library Block B | AGR SEM 2013 B056 Or.10 |